| 000 | 00653nam a22001937a 4500 | ||
|---|---|---|---|
| 999 |
_c6037 _d6037 |
||
| 003 | AR-CdUCM | ||
| 008 | 190313b ||||| |||| 00| 0 esp d | ||
| 040 |
_aMUNICIPALIDAD PROVINCIAL DEL CUSCO _cBIBLIOTECA MUNICIPAL DEL CUSCO |
||
| 082 |
_a868.672 / _bAL36 |
||
| 100 |
_aAlberti, Rafael _98832 |
||
| 245 |
_aPoesía / _cRafael Alberti |
||
| 260 |
_aBuenos Aires : _bLosada, _c1940. |
||
| 300 |
_a317 paginas ; _c21 cm. |
||
| 505 | _aGimiendo por ver el mar -- Mala ráfaga -- Barco carbonero -- Si Garcilaso volviera -- Grumete ... | ||
| 650 |
_aPoesía _9444 |
||
| 650 |
_aPoetas de España y América _917625 |
||
| 942 |
_2ddc _cLIBROS |
||
| 945 | _aacrt | ||